Warlord democrats in Africa (Record no. 130340)
[ view plain ]
| 000 -LEADER | |
|---|---|
| fixed length control field | 00474nam a22001457a 4500 |
| 008 - FIXED-LENGTH DATA ELEMENTS--GENERAL INFORMATION | |
| fixed length control field | 200211b ||||| |||| 00| 0 eng d |
| 020 ## - INTERNATIONAL STANDARD BOOK NUMBER | |
| International Standard Book Number | 9781783602483 |
| 050 ## - LIBRARY OF CONGRESS CALL NUMBER | |
| Classification number | DT30.5.W277 2017 |
| 245 ## - TITLE STATEMENT | |
| Title | Warlord democrats in Africa |
| Remainder of title | ex-military leaders and electoral politics |
| Statement of responsibility, etc | Edited by Anders Themner |
| 260 ## - PUBLICATION, DISTRIBUTION, ETC. (IMPRINT) | |
| Place of publication, distribution, etc | London |
| Name of publisher, distributor, etc | Zed Books |
| Date of publication, distribution, etc | 2017 |
| 300 ## - PHYSICAL DESCRIPTION | |
| Extent | x, 254p. ; |
| Dimensions | 24cm. |
| 650 ## - SUBJECT ADDED ENTRY--TOPICAL TERM | |
| Topical term or geographic name as entry element | Leadership |
| Geographic subdivision | Africa |
| 9 (RLIN) | 12204 |
| 651 ## - SUBJECT ADDED ENTRY--GEOGRAPHIC NAME | |
| Geographic name | Africa |
| General subdivision | Politics |
| 9 (RLIN) | 49483 |
| 942 ## - ADDED ENTRY ELEMENTS (KOHA) | |
| Source of classification or shelving scheme | Library of Congress Classification |
| Item type | Monograph ( Printed materials) |
| Withdrawn status | Lost status | Source of classification or shelving scheme | Damaged status | Not for loan | Collection code | Home library | Current library | Shelving location | Date acquired | Total Checkouts | Full call number | Barcode | Date last seen | Date last borrowed | Price effective from | Koha item type |
|---|---|---|---|---|---|---|---|---|---|---|---|---|---|---|---|---|
| Library of Congress Classification | Main Collection | ARRUPE LIBRARY | ARRUPE LIBRARY | Main Collection | 11/02/2020 | 1 | DT30.5.W277 2017 | 46600006444 | 21/04/2022 | 13/02/2020 | 11/02/2020 | Monograph ( Printed materials) |